Steely Dan - My Rival Lyrics - Statistics

General Stats
  • This quiz has been taken 19 times
  • The average score is 17 of 25
Answer Stats
Hint Answer % Correct
My Rival Show me my rival
100%
My Rival Show me my rival
100%
My Rival Show me my rival
100%
of Anthony's Bar and Grill
81%
Sure, he's a jolly roger
81%
Sure, he's a jolly roger
81%
I've got detectives on his case
75%
Until he answers for his crime
69%
Until he answers for his crime
69%
He wears a hearing aid
69%
I still recall when I first held
69%
They film the whole charade
69%
A fool in love with time to kill
69%
I struck a match against the door
63%
The smell of Prickly Pear
63%
He's got a scar across his face
63%
The milk truck eased into my space
56%
I loved you more than I can tell
56%
your tiny hand in mine
56%
Somebody screamed somewhere
56%
I was the whining stranger
56%
The wind was driving in my face
50%
Yes, I'll match him whim for whim now
38%
Yes, I'll match him whim for whim now
38%
But now it's stomping time
31%
No matching quizzes found
Score Distribution
Percent of People with Each Score
Percentile by Number Answered
Your Score History
You have not taken this quiz